Fr. Conceicao Rodrigues College of Engineering

Statistical methods (Record no. 31882)

MARC details
000 -LEADER
fixed length control field 00282nam a2200133Ia 4500
100 ## - MAIN ENTRY--PERSONAL NAME
Personal name Gupta/S.P.
250 ## - EDITION STATEMENT
Edition statement 12
245 ## - TITLE STATEMENT
Title Statistical methods
260 ## - PUBLICATION, DISTRIBUTION, ETC.
Name of publisher, distributor, etc. Sultan chand and sons
Place of publication, distribution, etc. New Delhi
Date of publication, distribution, etc. 1979
546 ## - LANGUAGE NOTE
Language note ENGLISH
654 ## - SUBJECT ADDED ENTRY--FACETED TOPICAL TERMS
Focus term statistical
942 ## - ADDED ENTRY ELEMENTS (KOHA)
Koha item type BOOK
Holdings
Withdrawn status Lost status Damaged status Not for loan Collection Home library Current library Shelving location Date acquired Total Checkouts Full call number Barcode Date last seen Price effective from Koha item type
        CRC Fr. Agnel's C.Rodrigues College of Engineering Fr. Agnel's C.Rodrigues College of Engineering   17/03/2023   9262 17/03/2023 17/03/2023 BOOK